000 00539nam a2200181Ia 4500
008 090124s9999 xx 000 0 und d
082 _b9642
100 _aखानोलकर चिं. त्र्यं.
245 _a बाप
250 _a1
260 _bप्रमोद प्रकाशन
_c1978
300 _a128
600 _aखानोलकर चिं. त्र्यं.
630 _a बाप
700 _aखानोलकर चिं. त्र्यं.
730 _a बाप
942 _cBOOK
999 _c85888
_d85888